[Event "Pan American-ch Seniors 2nd"]
[Site "Mar del Plata"]
[Date "2011.08.01"]
[Round "5"]
[White "Baeta, Marcio Netto"]
[Black "Szmetan, Jorge"]
[Result "0-1"]
[WhiteElo "2162"]
[BlackElo "2371"]
[PlyCount "102"]
[EventDate "2011.07.28"]
[EventType "swiss"]
[EventRounds "7"]
[EventCountry "ARG"]
[SourceTitle "EXT 2022"]
[Source "ChessBase"]
[SourceDate "2021.10.06"]
[SourceVersion "1"]
[SourceVersionDate "2021.10.06"]
[SourceQuality "1"]

1. e4 Nf6 2. e5 Nd5 3. c4 Nb6 4. d4 d6 5. exd6 exd6 6. Nc3 Be7 7. Bd3 Nc6 8. Nge2 Bg4 9. f3 Bh5 10. 0-0 0-0 11. b3 Re8 12. Be3 Bh4 13. Qd2 Qe7 14. Be4 f5 15. Nd5 Nxd5 16. Bxd5+ Bf7 17. Bxf7+ Kxf7 18. Bf2 Qxe2 19. Qxe2 Rxe2 20. Bxh4 Nxd4 21. Rfd1 Nc2 22. Rac1 b6 23. Bg5 Rae8 24. Rd2 Nb4 25. Kf1 Rxd2 26. Bxd2 Nc6 27. Bc3 g5 28. Kf2 h5 29. Rd1 a6 30. b4 Ne5 31. c5 bxc5 32. bxc5 Ke6 33. cxd6 cxd6 34. g3 Rc8 35. Bb4 Rc2+ 36. Kf1 Nc4 37. Re1+ Kf7 38. Re2 Rxe2 39. Kxe2 g4 40. f4 Ke6 41. Kd3 Kd5 42. Bc3 Nb6 43. Bd4 Na4 44. a3 Nc5+ 45. Kc3 Ke4 46. Kc4 Ne6 47. Bf6 d5+ 48. Kc3 d4+ 49. Kc4 d3 50. Bc3 Nd4 51. Kc5 Nb5 0-1

[Event "Pan American-ch Seniors 2nd"]
[Site "Mar del Plata"]
[Date "2011.07.30"]
[Round "3"]
[White "Van Riemsdijk, Herman Claudius"]
[Black "Szmetan, Jorge"]
[Result "1/2-1/2"]
[WhiteElo "2403"]
[BlackElo "2371"]
[PlyCount "75"]
[EventDate "2011.07.28"]
[EventType "swiss"]
[EventRounds "7"]
[EventCountry "ARG"]
[SourceTitle "EXT 2022"]
[Source "ChessBase"]
[SourceDate "2021.10.06"]
[SourceVersion "1"]
[SourceVersionDate "2021.10.06"]
[SourceQuality "1"]

1. e4 Nf6 2. e5 Nd5 3. d4 d6 4. Nf3 Bg4 5. Be2 c6 6. Ng5 Bxe2 7. Qxe2 dxe5 8. dxe5 e6 9. f4 Be7 10. Ne4 Nd7 11. c4 Bb4+ 12. Kf1 N5b6 13. Be3 0-0 14. a3 Be7 15. g3 f6 16. exf6 Bxf6 17. Kg2 Qe8 18. Nbc3 Bxc3 19. Nxc3 e5 20. Bxb6 axb6 21. Rad1 Nc5 22. fxe5 Qg6 23. Rd6 Ne6 24. Rf1 Rxf1 25. Qxf1 Rf8 26. Qe1 Qf5 27. Qe2 c5 28. Rd1 Nd4 29. Qe3 Re8 30. Rf1 Qxe5 31. Qxe5 Rxe5 32. Rf2 h5 33. Na4 Re6 34. b4 cxb4 35. axb4 Rc6 36. c5 bxc5 37. bxc5 Ne6 38. Rb2 1/2-1/2

[Event "Dos Hermanas Internet qual-C 10th"]
[Site "ICC INT"]
[Date "2009.03.14"]
[Round "5"]
[White "Duneas, John"]
[Black "Szmetan, Jorge"]
[Result "0-1"]
[WhiteElo "2075"]
[BlackElo "2374"]
[PlyCount "66"]
[EventDate "2009.03.14"]
[EventType "swiss (blitz)"]
[EventRounds "12"]
[EventCountry "ESP"]
[SourceTitle "CBM 129 Extra"]
[Source "ChessBase"]
[SourceDate "2009.05.05"]
[SourceVersion "2"]
[SourceVersionDate "2009.05.20"]
[SourceQuality "1"]

1. d4 c5 2. d5 e5 3. c4 d6 4. Nc3 Be7 5. e4 a6 6. Bd3 Bg5 7. a4 Bxc1 8. Rxc1 Nh6 9. Nge2 0-0 10. 0-0 Nd7 11. f4 exf4 12. Nxf4 Ne5 13. Be2 f5 14. b3 fxe4 15. Nxe4 Nf5 16. Rc3 Nd4 17. Rg3 Bf5 18. Ng5 Qe7 19. Nge6 Bxe6 20. dxe6 Nxe6 21. Qd5 Rfe8 22. Re1 Kh8 23. Nxe6 Qxe6 24. Qxb7 Ng6 25. Qd5 Nf4 26. Qxe6 Rxe6 27. Kf2 Rae8 28. Rf3 Nxe2 29. h3 h6 30. g4 Nd4 31. Rxe6 Rxe6 32. Rf7 Rf6+ 33. Kg3 Rxf7 0-1

[Event "Dos Hermanas Internet qual-C 10th"]
[Site "ICC INT"]
[Date "2009.03.14"]
[Round "6"]
[White "Szmetan, Jorge"]
[Black "Boron, Anthony"]
[Result "1-0"]
[WhiteElo "2374"]
[BlackElo "1906"]
[PlyCount "67"]
[EventDate "2009.03.14"]
[EventType "swiss (blitz)"]
[EventRounds "12"]
[EventCountry "ESP"]
[SourceTitle "CBM 129 Extra"]
[Source "ChessBase"]
[SourceDate "2009.05.05"]
[SourceVersion "2"]
[SourceVersionDate "2009.05.20"]
[SourceQuality "1"]

1. Nf3 Nf6 2. d4 d5 3. c4 e6 4. e3 c6 5. Nbd2 Be7 6. Bd3 Nbd7 7. 0-0 dxc4 8. Nxc4 Nb6 9. Nce5 c5 10. dxc5 Bxc5 11. Bb5+ Bd7 12. Nxd7 Nbxd7 13. Ne5 a6 14. Nxd7 Nxd7 15. Bd3 0-0 16. Qe2 Nf6 17. Bd2 b5 18. Rac1 Qb6 19. b4 Bd6 20. e4 Be5 21. Be3 Bd4 22. Bxd4 Qxd4 23. Rfd1 Qb6 24. e5 Nd5 25. Qe4 g6 26. h4 Rac8 27. Qg4 Nc3 28. Re1 Nxa2 29. Rxc8 Rxc8 30. h5 Qc7 31. hxg6 hxg6 32. Bxg6 fxg6 33. Qxg6+ Qg7 34. Qxe6+ 1-0

[Event "Avellaneda op"]
[Site "Avellaneda"]
[Date "2007.05.14"]
[Round "6"]
[White "Szmetan, Jorge"]
[Black "Di Benedetto, Guillermo"]
[Result "0-1"]
[WhiteElo "2394"]
[BlackElo "2308"]
[PlyCount "66"]
[EventDate "2007.05.09"]
[EventType "swiss"]
[EventRounds "7"]
[EventCountry "ARG"]
[SourceTitle "CBM 118 Extra"]
[Source "ChessBase"]
[SourceDate "2007.07.04"]
[SourceVersion "1"]
[SourceVersionDate "2007.07.04"]
[SourceQuality "1"]

1. Nf3 g6 2. e4 Bg7 3. d4 c6 4. Nc3 d5 5. h3 dxe4 6. Nxe4 Nd7 7. Bc4 Ngf6 8. Nxf6+ Nxf6 9. 0-0 0-0 10. Qe2 Nd5 11. Re1 h6 12. Ne5 Qd6 13. c3 Qf6 14. Bb3 Kh7 15. f4 a5 16. a3 Be6 17. Bc2 Bf5 18. Bxf5 Qxf5 19. g4 Qc8 20. Kg2 b5 21. a4 Qb7 22. Kh2 f6 23. Nd3 e5 24. dxe5 fxe5 25. fxe5 Rae8 26. Bd2 Qc7 27. Kg2 c5 28. axb5 c4 29. Qe4 Qb7 30. Nc5 Qxb5 31. Qd4 Rd8 32. Qg1 Qxb2 33. Ne4 Nxc3 0-1

[Event "Avellaneda op"]
[Site "Avellaneda"]
[Date "2007.05.12"]
[Round "4"]
[White "Szmetan, Jorge"]
[Black "Blit, Jacques"]
[Result "1/2-1/2"]
[WhiteElo "2394"]
[BlackElo "2306"]
[PlyCount "60"]
[EventDate "2007.05.09"]
[EventType "swiss"]
[EventRounds "7"]
[EventCountry "ARG"]
[SourceTitle "CBM 118 Extra"]
[Source "ChessBase"]
[SourceDate "2007.07.04"]
[SourceVersion "1"]
[SourceVersionDate "2007.07.04"]
[SourceQuality "1"]

1. Nf3 g6 2. c4 Bg7 3. d4 f5 4. Nc3 Nf6 5. Bg5 0-0 6. e3 d6 7. Be2 c6 8. 0-0 Qe8 9. b4 e5 10. dxe5 dxe5 11. c5 h6 12. Bxf6 Bxf6 13. Nd2 e4 14. Qb3+ Kg7 15. Rfd1 a5 16. Rab1 axb4 17. Qxb4 Na6 18. Bxa6 Rxa6 19. Nc4 Qe7 20. Nd6 Be6 21. a4 Rb8 22. Ne2 Qc7 23. Nd4 Bd5 24. Rd2 Qa5 25. Rdb2 Qxa4 26. Qxa4 Rxa4 27. Rxb7+ Rxb7 28. Rxb7+ Kg8 29. Rb8+ Kh7 30. Rb7+ Kg8 1/2-1/2

[Event "Avellaneda op"]
[Site "Avellaneda"]
[Date "2007.05.10"]
[Round "2"]
[White "Szmetan, Jorge"]
[Black "Meza, Hugo"]
[Result "1-0"]
[WhiteElo "2394"]
[BlackElo "2144"]
[PlyCount "77"]
[EventDate "2007.05.09"]
[EventType "swiss"]
[EventRounds "7"]
[EventCountry "ARG"]
[SourceTitle "CBM 118 Extra"]
[Source "ChessBase"]
[SourceDate "2007.07.04"]
[SourceVersion "1"]
[SourceVersionDate "2007.07.04"]
[SourceQuality "1"]

1. Nf3 Nf6 2. c4 e6 3. g3 d5 4. b3 Be7 5. Bg2 0-0 6. 0-0 c5 7. e3 b6 8. Qe2 Bb7 9. Bb2 Nbd7 10. Nc3 Rc8 11. Rfd1 Qc7 12. cxd5 exd5 13. Rac1 Rfe8 14. d4 Ne4 15. Bh3 Rcd8 16. Na4 Qb8 17. Ne1 cxd4 18. Bxd4 Ndc5 19. Nc3 Bf6 20. Bxf6 Nxf6 21. Nf3 Ba6 22. Nb5 Nfe4 23. Nfd4 Qe5 24. a4 Rd6 25. Bg2 Rf6 26. f4 Qe7 27. Re1 Bc8 28. Qd1 a6 29. Nc3 Rd6 30. b4 Nxc3 31. Rxc3 Ne4 32. Rxc8 Rxc8 33. Nf5 Qd7 34. Nxd6 Nc3 35. Qd3 Qxd6 36. Qxa6 Rd8 37. a5 d4 38. Qc4 b5 39. Qxd4 1-0

[Event "LNA Puma Cup"]
[Site "Argentina"]
[Date "2006.09.16"]
[Round "3"]
[White "Szmetan, Jorge"]
[Black "Goldwaser, Christian"]
[Result "1/2-1/2"]
[WhiteElo "2394"]
[BlackElo "2359"]
[PlyCount "51"]
[EventDate "2006.09.03"]
[EventType "swiss"]
[EventRounds "8"]
[EventCountry "ARG"]
[SourceTitle "EXT 2008"]
[Source "ChessBase"]
[SourceDate "2007.11.25"]
[SourceVersion "1"]
[SourceVersionDate "2007.11.25"]
[SourceQuality "1"]

1. Nf3 c5 2. c4 Nf6 3. Nc3 d5 4. cxd5 Nxd5 5. d4 e6 6. e4 Nxc3 7. bxc3 cxd4 8. cxd4 Bb4+ 9. Bd2 Bxd2+ 10. Qxd2 0-0 11. Bc4 Nc6 12. 0-0 b6 13. Rfd1 Bb7 14. Qf4 Na5 15. Bd3 Rc8 16. h4 Nc4 17. d5 exd5 18. exd5 Nb2 19. Rd2 Nxd3 20. Rxd3 Qf6 21. Qxf6 gxf6 22. d6 Bxf3 23. Rxf3 Rfd8 24. Rd1 Rc2 25. a3 Rc6 26. Rxf6 1/2-1/2

[Event "ARG-ch 79th"]
[Site "Buenos Aires"]
[Date "2004.10.01"]
[Round "9"]
[White "Rosito, Jorge"]
[Black "Szmetan, Jorge"]
[Result "1/2-1/2"]
[WhiteElo "2424"]
[BlackElo "2401"]
[PlyCount "108"]
[EventDate "2004.09.24"]
[EventType "swiss"]
[EventRounds "9"]
[EventCountry "ARG"]
[SourceTitle "CBM 102 Extra"]
[Source "ChessBase"]
[SourceDate "2004.11.03"]
[SourceVersion "1"]
[SourceVersionDate "2004.11.03"]
[SourceQuality "1"]

1. e4 e5 2. Nf3 Nc6 3. Bb5 a6 4. Ba4 Nf6 5. d4 exd4 6. 0-0 Be7 7. e5 Ne4 8. Nxd4 0-0 9. Nf5 d5 10. Bxc6 bxc6 11. Nxe7+ Qxe7 12. Re1 f6 13. f3 Ng5 14. b3 Qf7 15. Bxg5 fxg5 16. Nc3 Qg6 17. Na4 g4 18. fxg4 Bxg4 19. Qd2 Rae8 20. Nc5 Bc8 21. Re2 Rf5 22. Rae1 Qh5 23. Qc3 Ref8 24. Qd2 d4 25. b4 Qf7 26. h3 Qxa2 27. Qxd4 Rf4 28. Qd2 Qc4 29. Re4 Rxe4 30. Rxe4 Qd5 31. Qxd5+ cxd5 32. Rd4 c6 33. c4 dxc4 34. Rxc4 Re8 35. Re4 Kf8 36. Kf2 Ke7 37. Ke3 Be6 38. Nxa6 Ra8 39. Nc5 Ra2 40. Nxe6 Kxe6 41. Kf3 Rc2 42. h4 c5 43. bxc5 Rxc5 44. Kf4 Rc2 45. g3 Rf2+ 46. Ke3 Rf1 47. g4 h6 48. Kd4 Rd1+ 49. Ke3 Re1+ 50. Kf3 Rd1 51. h5 Rd3+ 52. Kf4 Rd1 53. Re2 Rd4+ 54. Re4 Rd1 1/2-1/2

[Event "ARG-ch 79th"]
[Site "Buenos Aires"]
[Date "2004.09.28"]
[Round "6"]
[White "Szmetan, Jorge"]
[Black "Di Benedetto, Guillermo"]
[Result "1-0"]
[WhiteElo "2401"]
[BlackElo "2172"]
[PlyCount "75"]
[EventDate "2004.09.24"]
[EventType "swiss"]
[EventRounds "9"]
[EventCountry "ARG"]
[SourceTitle "CBM 102 Extra"]
[Source "ChessBase"]
[SourceDate "2004.11.03"]
[SourceVersion "1"]
[SourceVersionDate "2004.11.03"]
[SourceQuality "1"]

1. Nf3 f5 2. e4 fxe4 3. Ng5 e5 4. d3 e3 5. Bxe3 d5 6. d4 e4 7. Nxe4 dxe4 8. Qh5+ Kd7 9. Qf5+ Ke8 10. Qxe4+ Be7 11. Nc3 Nf6 12. Qf3 Qd7 13. h3 Nc6 14. d5 Ne5 15. Qf4 Bd6 16. Qd4 a6 17. 0-0-0 Kf7 18. f4 Ng6 19. g4 Re8 20. Bd3 b6 21. Bd2 Bb7 22. Bf5 Bc5 23. Qxf6+ gxf6 24. Bxd7 Re7 25. Be6+ Kg7 26. Rhf1 Rd8 27. g5 fxg5 28. f5 Nf4 29. h4 h6 30. hxg5 hxg5 31. Ne4 Rxe6 32. Nxc5 bxc5 33. dxe6 Ne2+ 34. Kb1 Rxd2 35. Rxd2 Nd4 36. f6+ Kf8 37. Rxd4 cxd4 38. f7 1-0

[Event "Internet Section 08B g/8'+2\""]
[Site "Dos Hermanas"]
[Date "2004.03.09"]
[Round "9"]
[White "Szmetan, Jorge"]
[Black "Mahia, Gustavo"]
[Result "1-0"]
[WhiteElo "2404"]
[BlackElo "2377"]
[PlyCount "81"]
[EventDate "2004.03.08"]
[EventType "swiss (blitz)"]
[EventRounds "9"]
[EventCountry "ESP"]
[SourceTitle "CBM 099 Extra"]
[Source "ChessBase"]
[SourceDate "2004.05.04"]
[SourceVersion "1"]
[SourceVersionDate "2004.05.04"]
[SourceQuality "1"]

1. Nf3 e6 2. c4 f5 3. g3 Nf6 4. Bg2 g6 5. 0-0 Bg7 6. Nc3 0-0 7. d3 d6 8. e4 Nc6 9. exf5 gxf5 10. d4 e5 11. dxe5 dxe5 12. Nh4 Nd4 13. Be3 c6 14. h3 Be6 15. f4 Ne4 16. Nxe4 fxe4 17. Bxe4 exf4 18. Qh5 h6 19. Bxf4 Bxh3 20. Qg6 Rf6 21. Qh7+ Kf7 22. Bxh6 Ne6 23. Rad1 Bxf1 24. Rxd8 Rxd8 25. Bxg7 Nxg7 26. Nf5 Rg8 27. Kxf1 Kf8 28. Kg2 Nxf5 29. Bxf5 Rg7 30. Qh8+ Kf7 31. Qh5+ Ke7 32. g4 Kd6 33. Qh8 Rff7 34. b4 Ke5 35. Qe8+ Kf6 36. Kf3 Kg5 37. Qe3+ Kf6 38. Kf4 Re7 39. Qd4+ Kf7 40. g5 Re1 41. Qf6+ 1-0

[Event "Internet Section 08B g/8'+2\""]
[Site "Dos Hermanas"]
[Date "2004.03.08"]
[Round "6"]
[White "Szmetan, Jorge"]
[Black "Wang, Yu A"]
[Result "1-0"]
[WhiteElo "2404"]
[BlackElo "2357"]
[PlyCount "43"]
[EventDate "2004.03.08"]
[EventType "swiss (blitz)"]
[EventRounds "9"]
[EventCountry "ESP"]
[SourceTitle "CBM 099 Extra"]
[Source "ChessBase"]
[SourceDate "2004.05.04"]
[SourceVersion "1"]
[SourceVersionDate "2004.05.04"]
[SourceQuality "1"]

1. Nf3 d5 2. c4 c6 3. d4 Nf6 4. Nc3 a6 5. c5 Nbd7 6. h3 g6 7. Bf4 Bg7 8. e3 0-0 9. Be2 b6 10. cxb6 Qxb6 11. Qc2 c5 12. 0-0 cxd4 13. exd4 Bb7 14. Na4 Qc6 15. Rfc1 Qxc2 16. Rxc2 Rfc8 17. Rac1 Rxc2 18. Rxc2 Rc8 19. Rxc8+ Bxc8 20. b4 Ne4 21. Kf1 Nb8 22. Bxb8 1-0

[Event "Internet Section 07A g/8'+2\""]
[Site "Dos Hermanas"]
[Date "2004.03.07"]
[Round "7"]
[White "Balogh, Csaba"]
[Black "Szmetan, Jorge"]
[Result "0-1"]
[WhiteElo "2449"]
[BlackElo "2404"]
[PlyCount "155"]
[EventDate "2004.03.07"]
[EventType "swiss (blitz)"]
[EventRounds "9"]
[EventCountry "ESP"]
[SourceTitle "CBM 099 Extra"]
[Source "ChessBase"]
[SourceDate "2004.05.04"]
[SourceVersion "1"]
[SourceVersionDate "2004.05.04"]
[SourceQuality "1"]

1. e4 Nf6 2. e5 Nd5 3. d4 d6 4. Nf3 Bg4 5. Be2 c6 6. 0-0 Bxf3 7. Bxf3 dxe5 8. dxe5 e6 9. Re1 Nd7 10. Nd2 N5b6 11. Qe2 Qc7 12. a4 a5 13. g3 Be7 14. Bg2 0-0 15. Nf3 Rad8 16. h4 h6 17. Bd2 Nd5 18. Nh2 Nb4 19. Bf4 Nd5 20. Bc1 Rfe8 21. Ng4 Bf8 22. f4 Nc5 23. Kh2 Nb4 24. Be3 Rd7 25. Qf2 b6 26. Kh1 Nd5 27. Bd4 Nb4 28. Be3 Nd5 29. Bd2 Red8 30. Re2 Nb4 31. Bc3 Rd1+ 32. Re1 Rxe1+ 33. Bxe1 h5 34. Ne3 g6 35. Nc4 Nd7 36. Rd1 Nc5 37. Ra1 Be7 38. b3 Rd7 39. Bxb4 axb4 40. Qf3 Rd5 41. Qe3 Nd7 42. Qe2 Rd4 43. Rd1 Rxd1+ 44. Qxd1 b5 45. axb5 cxb5 46. Nd6 Qc3 47. Kh2 Nxe5 48. fxe5 Qxe5 49. Nc8 Bxh4 50. Qf3 Bg5 51. Na7 h4 52. Nc6 Qd6 53. Qd3 hxg3+ 54. Kh3 Qf4 55. Qxg3 Qf5+ 56. Qg4 Qc5 57. Nd4 Be7 58. Bf3 Bd6 59. Nxe6 Qe5 60. Kg2 Qxe6 61. Qxe6 fxe6 62. Bc6 Kg7 63. Bxb5 Kf6 64. Kf3 e5 65. Bd3 Kg5 66. Be4 Bc5 67. Bd3 Bd4 68. Be4 Kh5 69. Bd3 g5 70. Bf5 Kh4 71. Be6 Bc3 72. Bf5 Bd2 73. Be6 Bc1 74. Bf5 g4+ 75. Bxg4 e4+ 76. Kxe4 Kxg4 77. Kd3 Bb2 78. c3 0-1

[Event "Internet Section 07A g/8'+2\""]
[Site "Dos Hermanas"]
[Date "2004.03.07"]
[Round "8"]
[White "Eljanov, Pavel"]
[Black "Szmetan, Jorge"]
[Result "1-0"]
[WhiteElo "2597"]
[BlackElo "2404"]
[PlyCount "75"]
[EventDate "2004.03.07"]
[EventType "swiss (blitz)"]
[EventRounds "9"]
[EventCountry "ESP"]
[SourceTitle "CBM 099 Extra"]
[Source "ChessBase"]
[SourceDate "2004.05.04"]
[SourceVersion "1"]
[SourceVersionDate "2004.05.04"]
[SourceQuality "1"]

1. d4 Nf6 2. Nf3 c5 3. d5 d6 4. Nc3 e6 5. e4 exd5 6. exd5 Be7 7. Be2 0-0 8. 0-0 Na6 9. Nd2 Nc7 10. Nc4 Rb8 11. a4 b6 12. Re1 a6 13. Bf3 Re8 14. Bf4 Bf5 15. Qd2 Qd7 16. b3 Bf8 17. Rxe8 Ncxe8 18. a5 b5 19. Nb6 Qd8 20. Re1 b4 21. Ne2 Be4 22. Bxe4 Nxe4 23. Qd3 N4f6 24. Ng3 Nc7 25. Bg5 Rb7 26. Nh5 Be7 27. Bxf6 Bxf6 28. Nxf6+ Qxf6 29. Qxa6 Rb8 30. Qd3 g6 31. h3 Rb7 32. Nc4 Ra7 33. Qe4 Ra6 34. Re3 Qg5 35. Qe7 Qxe7 36. Rxe7 Nxd5 37. Rd7 Nc7 38. Rxc7 1-0

[Event "Internet Section 07B g/8'+2\""]
[Site "Dos Hermanas"]
[Date "2004.03.07"]
[Round "3"]
[White "Needleman, Alejandro"]
[Black "Szmetan, Jorge"]
[Result "0-1"]
[WhiteElo "2411"]
[BlackElo "2404"]
[PlyCount "166"]
[EventDate "2004.03.07"]
[EventType "swiss (blitz)"]
[EventRounds "9"]
[EventCountry "ESP"]
[SourceTitle "CBM 099 Extra"]
[Source "ChessBase"]
[SourceDate "2004.05.04"]
[SourceVersion "1"]
[SourceVersionDate "2004.05.04"]
[SourceQuality "1"]

1. d4 Nf6 2. Nf3 c5 3. c4 cxd4 4. Nxd4 e6 5. Nc3 Bb4 6. Bd2 Nc6 7. Nc2 Bc5 8. e3 0-0 9. a3 d5 10. Be2 Bd6 11. cxd5 exd5 12. 0-0 Qe7 13. Nb5 Bb8 14. Bf3 Qe5 15. g3 Bh3 16. Bc3 Qg5 17. Re1 Ne5 18. Bxe5 Qxe5 19. Nbd4 Ne4 20. Nb4 Bd6 21. Nd3 Qf6 22. Nf4 Bxf4 23. exf4 Rfe8 24. Qd3 Rad8 25. Rad1 Nc5 26. Qc3 Rxe1+ 27. Rxe1 b6 28. Re5 h6 29. Rxd5 Re8 30. b4 Ne4 31. Qd3 Rc8 32. Ne2 Qa1+ 33. Qd1 Qxd1+ 34. Rxd1 Nc3 35. Nxc3 Rxc3 36. Be4 g6 37. Ra1 Kg7 38. Bg2 Bf5 39. h4 Kf6 40. a4 Rc4 41. b5 Rb4 42. Bc6 Ke7 43. Ra3 Kd6 44. a5 Be6 45. axb6 axb6 46. Ra7 h5 47. Be8 Bd5 48. Kf1 Bf3 49. Ra1 Ke7 50. Re1+ Kf6 51. Re3 Rb1+ 52. Re1 Rb2 53. Rc1 Be2+ 54. Kg2 Bxb5 55. Bxb5 Rxb5 56. Rc7 Rb3 57. f5 gxf5 58. Rc6+ Kg7 59. Kf1 b5 60. Ke2 Rb2+ 61. Ke3 b4 62. Rc5 Kg6 63. f3 b3 64. Kf4 f6 65. Rc7 Rb1 66. Rb7 b2 67. Rb8 Kf7 68. Rb6 Ke7 69. Kxf5 Kd7 70. Kxf6 Kc7 71. Rb3 Rf1 72. Kg5 b1Q 73. Rxb1 Rxb1 74. g4 Kd7 75. Kxh5 Ke7 76. Kg6 Kf8 77. Kh7 Rb7+ 78. Kh6 Kg8 79. g5 Rf7 80. h5 Rxf3 81. Kg6 Ra3 82. Kh6 Ra6+ 83. g6 Ra5 0-1

[Event "Internet Section 07A g/8'+2\""]
[Site "Dos Hermanas"]
[Date "2004.03.07"]
[Round "9"]
[White "Szmetan, Jorge"]
[Black "Frey Perez, Hugo"]
[Result "1-0"]
[WhiteElo "2404"]
[BlackElo "2346"]
[PlyCount "93"]
[EventDate "2004.03.07"]
[EventType "swiss (blitz)"]
[EventRounds "9"]
[EventCountry "ESP"]
[SourceTitle "CBM 099 Extra"]
[Source "ChessBase"]
[SourceDate "2004.05.04"]
[SourceVersion "1"]
[SourceVersionDate "2004.05.04"]
[SourceQuality "1"]

1. Nf3 d5 2. c4 c6 3. d4 Nf6 4. Nc3 dxc4 5. a4 Bg4 6. Ne5 Bh5 7. g3 e6 8. Bg2 Bb4 9. 0-0 Nd5 10. Qc2 Be7 11. Nxc4 0-0 12. a5 Na6 13. Rd1 Ndb4 14. Qb3 f6 15. h3 Qd7 16. g4 Bf7 17. e4 Rfd8 18. Be3 Qe8 19. Rd2 b5 20. axb6 axb6 21. Nxb6 Rab8 22. Nba4 Nd5 23. Qd1 Nxe3 24. fxe3 e5 25. Qe2 Nb4 26. Rad1 Na2 27. d5 Nxc3 28. Nxc3 Bc5 29. dxc6 Rxd2 30. Rxd2 Qxc6 31. Nd5 Qa8 32. Rc2 Qa7 33. Kf2 h6 34. Bf1 Rb3 35. Rc3 Rxc3 36. bxc3 Bg6 37. Qc4 Kh7 38. Bd3 Bf7 39. Kf3 Kg8 40. Qb3 Bxe3 41. Bc4 Bg1 42. Qc2 Kh8 43. Qb2 Qc5 44. Ba2 Kh7 45. Kg2 Bg6 46. Nxf6+ gxf6 47. Qb7+ 1-0

[Event "Internet Section 06B g/8'+2\""]
[Site "Dos Hermanas"]
[Date "2004.03.06"]
[Round "1"]
[White "Armijo, Cristian"]
[Black "Szmetan, Jorge"]
[Result "0-1"]
[WhiteElo "1921"]
[BlackElo "2404"]
[PlyCount "60"]
[EventDate "2004.03.06"]
[EventType "swiss (blitz)"]
[EventRounds "9"]
[EventCountry "ESP"]
[SourceTitle "CBM 099 Extra"]
[Source "ChessBase"]
[SourceDate "2004.05.04"]
[SourceVersion "1"]
[SourceVersionDate "2004.05.04"]
[SourceQuality "1"]

1. e4 Nf6 2. Nc3 e5 3. d3 Bc5 4. Be3 Bb6 5. Bxb6 axb6 6. Nf3 Nc6 7. Be2 0-0 8. 0-0 d5 9. h3 h6 10. a3 Be6 11. Qd2 Qd7 12. Kh2 Rad8 13. Rad1 Qe7 14. Qc1 Kh7 15. g4 d4 16. Nb1 b5 17. g5 Nd7 18. Rg1 h5 19. Nh4 g6 20. Rg3 Kg7 21. Rdg1 b4 22. Qd1 bxa3 23. bxa3 b5 24. Bxh5 Rh8 25. Nf5+ gxf5 26. g6 f6 27. exf5 Bxf5 28. Bg4 Be6 29. Bf3 Ncb8 30. Nd2 f5 0-1

[Event "Internet Section 06A g/8'+2\""]
[Site "Dos Hermanas"]
[Date "2004.03.06"]
[Round "2"]
[White "Halmeenmaki, Tuomo"]
[Black "Szmetan, Jorge"]
[Result "0-1"]
[WhiteElo "2179"]
[BlackElo "2404"]
[PlyCount "142"]
[EventDate "2004.03.06"]
[EventType "swiss (blitz)"]
[EventRounds "9"]
[EventCountry "ESP"]
[SourceTitle "CBM 099 Extra"]
[Source "ChessBase"]
[SourceDate "2004.05.04"]
[SourceVersion "1"]
[SourceVersionDate "2004.05.04"]
[SourceQuality "1"]

1. Nf3 Nf6 2. g3 b6 3. Bg2 Bb7 4. 0-0 c5 5. c4 e6 6. b3 Be7 7. Bb2 0-0 8. Nc3 a6 9. e3 d6 10. Qe2 Nbd7 11. d3 Qc7 12. Rfc1 Rfe8 13. a3 Bf8 14. b4 Rad8 15. b5 a5 16. Ne1 Bxg2 17. Nxg2 d5 18. f4 d4 19. Ne4 Nxe4 20. dxe4 d3 21. Qxd3 Qb7 22. Qc2 e5 23. f5 Nf6 24. Rd1 Rxd1+ 25. Rxd1 Nxe4 26. Rd5 Ng5 27. h4 Nf3+ 28. Kf2 e4 29. Nf4 Qe7 30. Re5 Qd8 31. Rd5 Qc8 32. Qc3 f6 33. Nh5 Ne5 34. Rxe5 Rxe5 35. g4 Qd8 36. Qc2 Re7 37. Nf4 Rd7 38. Bc3 Rd3 39. Ke2 Rd7 40. Qxe4 Qe7 41. Qxe7 Bxe7 42. Nd5 Bd8 43. e4 Kf7 44. Kf3 Bc7 45. g5 Bd8 46. Kg4 Rb7 47. Kf4 a4 48. Kg4 Rd7 49. Kf4 Rd6 50. e5 fxe5+ 51. Bxe5 Rd7 52. h5 g6 53. fxg6+ hxg6 54. h6 Kg8 55. Bf6 Bc7+ 56. Ke4 Rf7 57. Ne7+ Kh7 58. Kd5 Bd8 59. Ke6 Rf8 60. Nd5 Bxf6 61. gxf6 Kxh6 62. Ke7 Rh8 63. f7 Kg7 64. Nf4 g5 65. Ne6+ Kg6 66. f8Q Rxf8 67. Nxf8+ Kf5 68. Nd7 g4 69. Nf6 g3 70. Nd5 Ke4 71. Nc3+ Kf3 0-1

[Event "Internet Section 06A g/8'+2\""]
[Site "Dos Hermanas"]
[Date "2004.03.06"]
[Round "4"]
[White "Henriksson, Jacob"]
[Black "Szmetan, Jorge"]
[Result "0-1"]
[WhiteElo "2253"]
[BlackElo "2404"]
[PlyCount "62"]
[EventDate "2004.03.06"]
[EventType "swiss (blitz)"]
[EventRounds "9"]
[EventCountry "ESP"]
[SourceTitle "CBM 099 Extra"]
[Source "ChessBase"]
[SourceDate "2004.05.04"]
[SourceVersion "1"]
[SourceVersionDate "2004.05.04"]
[SourceQuality "1"]

1. d4 Nf6 2. c4 c5 3. d5 e5 4. Nc3 d6 5. e4 g6 6. Be2 Bg7 7. Nf3 0-0 8. 0-0 Nh5 9. g3 Bh3 10. Re1 h6 11. Nh4 Nf6 12. Be3 a6 13. a4 b6 14. a5 bxa5 15. Qa4 Ng4 16. Bd2 Bf6 17. Ng2 Bg5 18. Bxg5 Qxg5 19. Qxa5 Nd7 20. Qc7 Qe7 21. Nh4 Rfb8 22. Nd1 Ngf6 23. Bf1 Bxf1 24. Kxf1 Rb6 25. b4 Ne8 26. bxc5 Nxc7 27. cxb6 Nxb6 28. Ne3 Ne8 29. Reb1 Qc7 30. Rb4 a5 31. Rb5 Nxc4 0-1

[Event "Internet Section 06B g/8'+2\""]
[Site "Dos Hermanas"]
[Date "2004.03.06"]
[Round "3"]
[White "Logdahl, Harald"]
[Black "Szmetan, Jorge"]
[Result "0-1"]
[WhiteElo "2233"]
[BlackElo "2404"]
[PlyCount "72"]
[EventDate "2004.03.06"]
[EventType "swiss (blitz)"]
[EventRounds "9"]
[EventCountry "ESP"]
[SourceTitle "CBM 099 Extra"]
[Source "ChessBase"]
[SourceDate "2004.05.04"]
[SourceVersion "1"]
[SourceVersionDate "2004.05.04"]
[SourceQuality "1"]

1. e4 Nf6 2. Nc3 e5 3. Nf3 Nc6 4. Bb5 Nd4 5. Nxd4 exd4 6. e5 dxc3 7. exf6 Qxf6 8. dxc3 Bc5 9. 0-0 0-0 10. Bxd7 Bxd7 11. Qxd7 Rad8 12. Qb5 Bb6 13. Be3 c6 14. Qe2 Bxe3 15. Qxe3 Rfe8 16. Qxa7 Rd2 17. Rae1 Rxe1 18. Rxe1 h6 19. Rf1 b5 20. a4 bxa4 21. Qxa4 Qg6 22. Qc4 Rxc2 23. b4 Qf6 24. Qd4 Qxd4 25. cxd4 Rc4 26. g3 Rxb4 27. Rc1 Rb6 28. Kg2 Kf8 29. Kf3 Ke7 30. Rc2 Kd6 31. Ke4 Rb1 32. Re2 Rb3 33. f4 g6 34. g4 Ke6 35. Rc2 f5+ 36. gxf5+ gxf5# 0-1